000
00238nam a2200097Ia 4500
001
1056739
005
20250827001406.0
008
250824s9999 xx 000 0 und d
245
0
_a
BÖRÜ 2
_c
ÇAĞLAYAN YILMAZ
260
_b
PANAMA YAYINLARI
999
_c
1056739
_d
1056739